000 00481nam a2200169Ia 4500
003 LK-CoDNM
008 010623t2009 xxu||||| |||| 00| 1 sin d
040 _aLK-CoDNM
_dLK-CoDNM
_eLK-CoDNM
041 _asin
080 _a354.13
_bGUN
100 _aGunawardena,V.D.S.
245 _aපොදුරාජ්‍ය මණ්ඩලයේ ඉතිහාසය
246 _aPodu Rajya Mandalaye itihasaya
260 _bGodage
_aColombo
_c2009
300 _b47, 21 cm
942 _cBK
999 _c128882
_d128882